Google Maps Cities - California - Statistics

General Stats
  • This quiz has been taken 76 times
  • The average score is 8 of 10
Answer Stats
City % Correct
San Francisco
94%
Los Angeles
92%
San Diego
88%
Sacramento
85%
San Jose
85%
Fresno
83%
Bakersfield
71%
Anaheim
65%
Long Beach
53%
Redding
50%
No matching quizzes found
Score Distribution
Percent of People with Each Score
Percentile by Number Answered
Your Score History
You have not taken this quiz